[Event "TCh-RUS Premier 2019"]
[Site "Sochi RUS"]
[Date "2019.05.08"]
[Round "7.5"]
[Board "5"]
[White "Sarana, Alexey"]
[Black "Alekseenko, Kirill"]
[Result "1/2-1/2"]
[WhiteTitle "GM"]
[BlackTitle "GM"]
[WhiteElo "2636"]
[BlackElo "2636"]
[WhiteTeam "HQ Sima-land (Sverdlovsk region)"]
[BlackTeam "Mednyi vsadnik (St. Petersburg)"]
[WhiteFideId "24133795"]
[BlackFideId "4135539"]
[EventDate "2019.05.01"]

1. e4 e5 2. Nf3 Nc6 3. Bb5 a6 4. Ba4 Nf6 5. O-O Be7 6. Re1 b5 7. Bb3 d6 8. c3
O-O 9. h3 Bb7 10. d4 Re8 11. Nbd2 Bf8 12. a3 h6 13. Bc2 Nb8 14. b4 Nbd7 15. Bb2
a5 16. Bd3 c6 17. Nb3 axb4 18. cxb4 exd4 19. Nfxd4 c5 20. Nxb5 Ne5 21. Bf1 cxb4
22. axb4 Rxa1 23. Bxa1 Nxe4 24. Nd2 Nxd2 25. Qxd2 Nf3+ 26. gxf3 Rxe1 27. Qxe1
Qg5+ 28. Kh1 Bxf3+ 29. Kh2 Qf4+ 30. Kg1 Qg5+ 31. Kh2 Qf4+ 32. Kg1 Qg5+ 33. Kh2 1/2-1/2

[Event "TCh-RUS Premier 2019"]
[Site "Sochi RUS"]
[Date "2019.05.08"]
[Round "7.5"]
[Board "6"]
[White "Goganov, Aleksey"]
[Black "Khismatullin, Denis"]
[Result "1/2-1/2"]
[WhiteTitle "GM"]
[BlackTitle "GM"]
[WhiteElo "2570"]
[BlackElo "2619"]
[WhiteTeam "Mednyi vsadnik (St. Petersburg)"]
[BlackTeam "HQ Sima-land (Sverdlovsk region)"]
[WhiteFideId "24109959"]
[BlackFideId "4142578"]
[EventDate "2019.05.01"]

1. d4 Nf6 2. c4 e6 3. Nf3 d5 4. Nc3 c6 5. e3 Nbd7 6. Qc2 Bd6 7. Bd3 O-O 8. O-O
dxc4 9. Bxc4 b5 10. Bd3 Bb7 11. e4 e5 12. dxe5 Nxe5 13. Nxe5 Bxe5 14. h3 a6 15.
Be3 c5 16. Bxc5 Re8 17. Rad1 Qc7 18. Nd5 Nxd5 19. exd5 g6 20. Be4 a5 21. a3 Rac8
22. b4 axb4 23. axb4 Bh2+ 24. Kh1 Bd6 25. Rc1 Bxc5 26. bxc5 Qe5 27. Rfe1 Bxd5
28. Bxd5 Qxd5 29. Rxe8+ Rxe8 30. c6 Rc8 31. Qc5 Qxc5 32. Rxc5 b4 33. g4 b3 34.
Rb5 Rxc6 35. Rxb3 Kg7 36. Kg2 Rc5 37. Ra3 h5 38. Kg3 hxg4 39. hxg4 g5 40. f3 Kg6 1/2-1/2

[Event "TCh-RUS Premier 2019"]
[Site "Sochi RUS"]
[Date "2019.05.09"]
[Round "8.1"]
[Board "3"]
[White "Saveliev, Alexei"]
[Black "Rodshtein, Maxim"]
[Result "0-1"]
[WhiteTitle "IM"]
[BlackTitle "GM"]
[WhiteElo "2367"]
[BlackElo "2699"]
[WhiteTeam "SShOR (St. Petersburg)"]
[BlackTeam "Mednyi vsadnik (St. Petersburg)"]
[WhiteFideId "24128546"]
[BlackFideId "2806851"]
[EventDate "2019.05.01"]

1. e4 c6 2. d4 d5 3. exd5 cxd5 4. Bd3 Nc6 5. c3 Qc7 6. h3 g6 7. Nf3 Bf5 8. Bxf5
gxf5 9. O-O e6 10. Re1 Nf6 11. Ne5 Nxe5 12. dxe5 Ne4 13. Be3 Rg8 14. Bd4 Be7 15.
Nd2 Rg6 16. Nxe4 dxe4 17. Qa4+ Kf8 18. Rad1 a6 19. c4 Rc8 20. b3 Rd8 21. Bc3 f4
22. Kf1 e3 23. Rd4 Rxd4 24. Bxd4 exf2 25. Bxf2 Qd8 26. c5 Qd3+ 27. Re2 f3 28.
gxf3 Qd1+ 29. Re1 Qxf3 30. Qe4 Qxh3+ 31. Ke2 Rg2 32. Qf3 Qh2 0-1

[Event "TCh-RUS Premier 2019"]
[Site "Sochi RUS"]
[Date "2019.05.09"]
[Round "8.1"]
[Board "4"]
[White "Najer, Evgeniy"]
[Black "Timerkhanov, Alexander"]
[Result "1-0"]
[WhiteTitle "GM"]
[BlackTitle "FM"]
[WhiteElo "2674"]
[BlackElo "2366"]
[WhiteTeam "Mednyi vsadnik (St. Petersburg)"]
[BlackTeam "SShOR (St. Petersburg)"]
[WhiteFideId "4118987"]
[BlackFideId "24177938"]
[EventDate "2019.05.01"]

1. e4 c5 2. Nf3 d6 3. d4 cxd4 4. Nxd4 Nf6 5. Nc3 a6 6. g3 g6 7. Bg2 Bg7 8. h3
O-O 9. O-O Bd7 10. Be3 Nc6 11. Nde2 Rc8 12. b3 Nb8 13. Rc1 Qa5 14. Bd2 Qc7 15.
g4 h6 16. Ng3 Rfe8 17. Nd5 Nxd5 18. exd5 Bb2 19. c4 Bxc1 20. Qxc1 b5 21. Bc3 Kh7
22. Qf4 Rf8 23. Bd2 Be8 24. Qxh6+ Kg8 25. Nh5 gxh5 26. Qg5+ Kh8 27. Qxh5+ Kg8
28. Qg5+ Kh8 29. Be4 f5 30. Bc3+ Rf6 31. Qxf5 Kg8 32. Qh7+ Kf8 33. g5 Nd7 34.
Qh8+ Kf7 35. g6+ 1-0

[Event "TCh-RUS Premier 2019"]
[Site "Sochi RUS"]
[Date "2019.05.09"]
[Round "8.2"]
[Board "2"]
[White "Motylev, Alexander"]
[Black "Paravyan, David"]
[Result "1/2-1/2"]
[WhiteTitle "GM"]
[BlackTitle "GM"]
[WhiteElo "2650"]
[BlackElo "2610"]
[WhiteTeam "HQ Sima-land (Sverdlovsk region)"]
[BlackTeam "Molodezhka (Tyumen region)"]
[WhiteFideId "4121830"]
[BlackFideId "4194985"]
[EventDate "2019.05.01"]

1. e4 e5 2. Nf3 Nc6 3. Bb5 g6 4. c3 a6 5. Ba4 Bg7 6. d4 exd4 7. cxd4 b5 8. Bb3
Nge7 9. d5 Na5 10. Bd2 Nxb3 11. axb3 d6 12. Bc3 Bxc3+ 13. Nxc3 Bg4 14. h3 Bxf3
15. Qxf3 O-O 16. O-O f5 17. Rfe1 fxe4 18. Qg4 e3 19. Rxe3 Nf5 20. Re6 Ng7 21.
Re2 Qf6 22. Ne4 Qe5 23. Nc3 Qf6 24. Ne4 Qe5 25. Nc3 1/2-1/2

[Event "TCh-RUS Premier 2019"]
[Site "Sochi RUS"]
[Date "2019.05.09"]
[Round "8.2"]
[Board "3"]
[White "Esipenko, Andrey"]
[Black "Sarana, Alexey"]
[Result "1/2-1/2"]
[WhiteTitle "GM"]
[BlackTitle "GM"]
[WhiteElo "2620"]
[BlackElo "2636"]
[WhiteTeam "Molodezhka (Tyumen region)"]
[BlackTeam "HQ Sima-land (Sverdlovsk region)"]
[WhiteFideId "24175439"]
[BlackFideId "24133795"]
[EventDate "2019.05.01"]

1. d4 Nf6 2. c4 e6 3. Nf3 b6 4. a3 Bb7 5. Nc3 Be7 6. d5 O-O 7. e4 d6 8. Be2 Nbd7
9. Nd4 Nc5 10. Qc2 a5 11. O-O Nfd7 12. Be3 a4 13. f3 e5 14. Ndb5 Nb3 15. Rad1
Ndc5 16. Bd3 Bc8 17. Qe2 f5 18. exf5 Nxd3 19. Qxd3 Bxf5 20. Ne4 Qd7 21. Nbc3 Nc5
22. Qe2 h6 23. h3 Bh4 24. Qc2 Kh8 25. Kh2 Qe8 26. g4 Bg6 27. Qe2 Qe7 28. Kg2 Rf7
29. Qc2 Qd7 30. Qe2 Raf8 31. Bd2 Nb3 32. Be3 Qe7 33. Bg1 Nd4 34. Bxd4 exd4 35.
Rxd4 Qe5 36. Rd3 Re7 37. Re3 Bg5 38. Rd3 Qf4 39. Qe1 Bf6 40. Ne2 Qe5 41. N2c3
Qf4 42. Ne2 Qe5 43. N2c3 Ree8 44. Rd2 Bg5 45. Re2 Qd4 46. Nxg5 hxg5 47. Rxe8
Rxe8 48. Qc1 Re3 49. Re1 Rxe1 50. Qxe1 Qxc4 51. Qd2 Qb3 52. Kg3 Bc2 53. Qxg5
Qxb2 54. Qh5+ Kg8 55. Qe8+ Kh7 56. Qh5+ Kg8 57. Qe8+ Kh7 58. Qh5+ 1/2-1/2

[Event "TCh-RUS Premier 2019"]
[Site "Sochi RUS"]
[Date "2019.05.09"]
[Round "8.2"]
[Board "4"]
[White "Oparin, Grigoriy"]
[Black "Yuffa, Daniil"]
[Result "1-0"]
[WhiteTitle "GM"]
[BlackTitle "GM"]
[WhiteElo "2624"]
[BlackElo "2595"]
[WhiteTeam "HQ Sima-land (Sverdlovsk region)"]
[BlackTeam "Molodezhka (Tyumen region)"]
[WhiteFideId "24125890"]
[BlackFideId "24131423"]
[EventDate "2019.05.01"]

1. g3 g6 2. Bg2 Bg7 3. d4 Nf6 4. e4 d6 5. Nc3 O-O 6. Nge2 e5 7. O-O c6 8. a4 a5
9. h3 Na6 10. Be3 Nb4 11. Re1 d5 12. dxe5 Nxe4 13. Nxe4 dxe4 14. Bxe4 Bxe5 15.
c3 Nd5 16. Bxd5 cxd5 17. Nf4 Re8 18. Qf3 Bxf4 19. Qxf4 Bxh3 20. Bd4 Bf5 21. Qh6
f6 22. Rxe8+ Qxe8 23. Bxf6 Qf8 24. Qxf8+ Kxf8 25. f3 Bc2 26. Kf2 Re8 27. Bd4 Bd3
28. Be3 Rc8 29. g4 Rc6 30. Bd4 Re6 31. b4 Re2+ 32. Kg3 axb4 33. cxb4 Kf7 34. Rc1
Rc2 35. Rd1 Be2 36. Rh1 Kg8 37. Re1 Rd2 38. Be3 Ra2 39. a5 Kf7 40. Rh1 Kg8 41.
Rc1 Bc4 42. Kf4 Kf7 43. Rh1 Kg8 44. Ke5 Ra3 45. Re1 Kf7 46. Kd6 h5 47. Bd4 Rxf3
48. Re7+ Kg8 49. gxh5 gxh5 50. Rg7+ Kf8 51. Rxb7 Rd3 52. Kc5 h4 53. b5 h3 54.
Be5 Ra3 55. a6 Ra5 56. a7 Bxb5 57. Kb4 1-0

[Event "TCh-RUS Premier 2019"]
[Site "Sochi RUS"]
[Date "2019.05.09"]
[Round "8.2"]
[Board "5"]
[White "Lomasov, Semyon"]
[Black "Predke, Alexandr"]
[Result "1/2-1/2"]
[WhiteTitle "IM"]
[BlackTitle "GM"]
[WhiteElo "2541"]
[BlackElo "2626"]
[WhiteTeam "Molodezhka (Tyumen region)"]
[BlackTeam "HQ Sima-land (Sverdlovsk region)"]
[WhiteFideId "24164879"]
[BlackFideId "24107581"]
[EventDate "2019.05.01"]

1. e4 e5 2. Nf3 Nc6 3. d4 exd4 4. Nxd4 Nf6 5. Nxc6 bxc6 6. e5 Qe7 7. Qe2 Nd5 8.
c4 Ba6 9. b3 g6 10. f4 Bg7 11. Qf2 Nf6 12. Ba3 Qe6 13. Nc3 Ng4 14. Qf3 O-O-O 15.
O-O-O d6 16. h3 h5 17. c5 Bxf1 18. hxg4 dxe5 19. Qxf1 exf4 20. Re1 Qxg4 21. Qa6+
Kb8 22. Nb5 cxb5 23. Qxb5+ Ka8 24. Qc6+ Kb8 25. Re4 Bd4 26. Qb5+ Ka8 27. Qc6+
Kb8 28. Qb5+ Ka8 29. Qc6+ 1/2-1/2

[Event "TCh-RUS Premier 2019"]
[Site "Sochi RUS"]
[Date "2019.05.09"]
[Round "8.2"]
[Board "6"]
[White "Khismatullin, Denis"]
[Black "Kryakvin, Dmitry"]
[Result "1/2-1/2"]
[WhiteTitle "GM"]
[BlackTitle "GM"]
[WhiteElo "2619"]
[BlackElo "2588"]
[WhiteTeam "HQ Sima-land (Sverdlovsk region)"]
[BlackTeam "Molodezhka (Tyumen region)"]
[WhiteFideId "4142578"]
[BlackFideId "4153278"]
[EventDate "2019.05.01"]

1. c4 e5 2. Nc3 Bb4 3. Qc2 Nf6 4. Nf3 Nc6 5. e3 Bxc3 6. Qxc3 Qe7 7. b3 d5 8. d4
exd4 9. Nxd4 Nxd4 10. Qxd4 c5 11. Qb2 O-O 12. Be2 dxc4 13. bxc4 b6 14. O-O Bb7
15. a4 Nd7 16. Qc3 Rfd8 17. a5 f6 18. Bb2 Qf7 19. f3 Ne5 20. Rfd1 Qc7 21. axb6
axb6 22. Rxa8 Bxa8 23. Rb1 Bc6 24. Qc2 Be8 25. Bc3 Bf7 26. Qb3 Rb8 27. Qa4 h6
28. Be1 Rd8 29. Qb3 Qe7 30. e4 Rd6 31. Qc3 Qd8 32. Bg3 Rd4 33. Bf2 Rd7 34. Be3
Nd3 35. h3 g5 36. Qb3 Rd6 37. Ra1 Ne5 38. Qc3 Kg7 39. f4 Nc6 40. Kh1 Nd4 41. Bf1
Qe7 42. Re1 Bg6 43. Bd3 Bxe4 44. fxg5 hxg5 45. Bxg5 fxg5 46. Rxe4 Re6 47. Rxe6
Qxe6 48. Qa1 Kf6 49. Qf1+ Ke7 50. Qa1 Kd6 51. Qa7 Qe1+ 52. Kh2 Qe5+ 53. Kh1 Qe1+
54. Kh2 Nf3+ 55. gxf3 Qf2+ 56. Kh1 Qxf3+ 57. Kh2 Qf2+ 58. Kh1 1/2-1/2

[Event "TCh-RUS Premier 2019"]
[Site "Sochi RUS"]
[Date "2019.05.09"]
[Round "8.3"]
[Board "1"]
[White "Duzhakov, Ilya"]
[Black "Sjugirov, Sanan"]
[Result "1-0"]
[WhiteTitle "IM"]
[BlackTitle "GM"]
[WhiteElo "2388"]
[BlackElo "2661"]
[WhiteTeam "Muzhskoe Dvizhenie (St. Petersburg)"]
[BlackTeam "Strazhi pravoporyadka (St. Petersburg)"]
[WhiteFideId "4192516"]
[BlackFideId "4189302"]
[EventDate "2019.05.01"]

1. d4 f5 2. c4 Nf6 3. Nc3 e6 4. e3 b6 5. Bd3 Bb7 6. f3 g6 7. Nge2 Bg7 8. Qb3 O-O
9. O-O Nc6 10. Bd2 Qe7 11. Rad1 Kh8 12. a3 d6 13. Qc2 e5 14. d5 Nd8 15. b4 Nf7
16. Ng3 Rae8 17. Qb1 c6 18. dxc6 Bxc6 19. e4 f4 20. Nh1 g5 21. g4 fxg3 22. Nxg3
Bd7 23. Nd5 Qd8 24. Rf2 Nxd5 25. cxd5 Bf6 26. Kh1 Rg8 27. Rg1 Rg6 28. Qf1 Rh6
29. Bb5 Bh3 30. Qc1 Rg8 31. Be3 Be7 32. Qc3 Rf6 33. a4 Qb8 34. Ba6 Bd7 35. a5
Bd8 36. Rc1 Rf8 37. Bc8 Bb5 38. Be6 bxa5 39. bxa5 a6 40. Nf5 Rg6 41. Qc8 Qxc8
42. Rxc8 Kg8 43. Bb6 1-0

[Event "TCh-RUS Premier 2019"]
[Site "Sochi RUS"]
[Date "2019.05.09"]
[Round "8.3"]
[Board "2"]
[White "Alekseev, Evgeny"]
[Black "Vlasenko, Miroslav"]
[Result "1-0"]
[WhiteTitle "GM"]
[BlackTitle "IM"]
[WhiteElo "2647"]
[BlackElo "2424"]
[WhiteTeam "Strazhi pravoporyadka (St. Petersburg)"]
[BlackTeam "Muzhskoe Dvizhenie (St. Petersburg)"]
[WhiteFideId "4138147"]
[BlackFideId "4151887"]
[EventDate "2019.05.01"]

1. e4 Nc6 2. Nf3 d6 3. d4 Nf6 4. c3 Bg4 5. Nbd2 e6 6. Bd3 Be7 7. Nf1 Bh5 8. Ng3
Bg6 9. h4 Nh5 10. Nf5 d5 11. exd5 Qxd5 12. Nxe7 Nxe7 13. Be2 Nf6 14. Ne5 Nd7 15.
Nxd7 Qxd7 16. Bf3 e5 17. h5 Bf5 18. dxe5 Qb5 19. Bf4 Qc4 20. Bg3 Be4 21. Rh4
Bxf3 22. Rxc4 Bxd1 23. Rxd1 Nc6 24. b4 a6 25. a4 Rc8 26. b5 axb5 27. axb5 Nd8
28. f4 g6 29. Bh4 Ne6 30. Bf6 O-O 31. g4 Rfe8 32. f5 Nf8 33. Kf2 h6 34. hxg6
fxg6 35. Rh1 h5 36. fxg6 Nxg6 37. Rxh5 c6 38. Rd4 Rc7 39. Rh6 Nf8 40. b6 Rh7 41.
g5 c5 42. Rd5 Rxh6 43. gxh6 Kh7 44. Bg7 Ne6 45. Rd7 Nxg7 46. hxg7 Rxe5 47. Rxb7
Re6 48. c4 Re4 49. Rc7 Rxc4 50. b7 1-0

[Event "TCh-RUS Premier 2019"]
[Site "Sochi RUS"]
[Date "2019.05.09"]
[Round "8.3"]
[Board "3"]
[White "Lintchevski, Daniil"]
[Black "Rakhmanov, Aleksandr"]
[Result "1/2-1/2"]
[WhiteTitle "GM"]
[BlackTitle "GM"]
[WhiteElo "2525"]
[BlackElo "2629"]
[WhiteTeam "Muzhskoe Dvizhenie (St. Petersburg)"]
[BlackTeam "Strazhi pravoporyadka (St. Petersburg)"]
[WhiteFideId "4171055"]
[BlackFideId "4173708"]
[EventDate "2019.05.01"]

1. e4 e5 2. Nf3 Nf6 3. Nxe5 d6 4. Nf3 Nxe4 5. d4 d5 6. Bd3 Bf5 7. O-O Be7 8. Re1
O-O 9. c4 Nc6 10. cxd5 Qxd5 11. Nc3 Nxc3 12. bxc3 Rae8 13. Bf4 Bxd3 14. Qxd3 Bd6
15. c4 Qh5 16. Bxd6 cxd6 17. Qa3 Qa5 18. Qxd6 Rxe1+ 19. Rxe1 Rd8 20. Re2 Qa4 21.
Qc7 Rf8 22. h3 Qxc4 23. Rd2 b5 24. d5 Nd4 25. d6 Qxc7 26. dxc7 Ne6 27. Ng5 Nxc7
28. Rd7 Ne6 29. Nxe6 fxe6 30. Rxa7 Rc8 31. g4 Rc3 32. Kg2 b4 33. h4 b3 34. axb3
Rxb3 35. h5 h6 36. f3 Kf8 37. Kg3 Rb4 38. Rc7 Ra4 39. Kf2 Ra3 40. Rb7 Rc3 41.
Kg3 Rc4 1/2-1/2

[Event "TCh-RUS Premier 2019"]
[Site "Sochi RUS"]
[Date "2019.05.09"]
[Round "8.4"]
[Board "1"]
[White "Dreev, Aleksey"]
[Black "Bocharov, Ivan"]
[Result "1/2-1/2"]
[WhiteTitle "GM"]
[BlackTitle "IM"]
[WhiteElo "2662"]
[BlackElo "2568"]
[WhiteTeam "ShSM Legacy Square Capital (Moscow)"]
[BlackTeam "Siberia (Novosibirsk region)"]
[WhiteFideId "4100107"]
[BlackFideId "4180887"]
[EventDate "2019.05.01"]

1. d4 Nf6 2. Nf3 e6 3. c4 b6 4. a3 Bb7 5. Nc3 d5 6. cxd5 Nxd5 7. Bd2 Nf6 8. Bg5
Be7 9. Qa4+ Nfd7 10. Bf4 O-O 11. Rd1 Nf6 12. Qc2 Qc8 13. e4 c5 14. d5 exd5 15.
exd5 Rd8 16. Bd3 g6 17. O-O Nxd5 18. Bh6 Nc6 19. Nxd5 Rxd5 20. Bxg6 hxg6 21.
Rxd5 Nd4 22. Rxd4 cxd4 23. Qxc8+ Rxc8 24. Nxd4 Bf6 25. Be3 Rd8 26. Rd1 a5 27.
Rd2 a4 28. f3 Be5 29. Kf2 f5 30. g3 Bf6 31. b4 axb3 32. Nxb3 Rxd2+ 33. Nxd2 b5
34. Bc5 Bc3 35. Nf1 Kf7 36. Ne3 Ke6 37. Ke2 Bf6 38. f4 Be4 39. h3 Bg7 40. Kd2
Bf6 41. Ke2 Bg7 42. Kd2 1/2-1/2

[Event "TCh-RUS Premier 2019"]
[Site "Sochi RUS"]
[Date "2019.05.09"]
[Round "8.4"]
[Board "4"]
[White "Bocharov, Dmitry"]
[Black "Grachev, Boris"]
[Result "0-1"]
[WhiteTitle "GM"]
[BlackTitle "GM"]
[WhiteElo "2530"]
[BlackElo "2615"]
[WhiteTeam "Siberia (Novosibirsk region)"]
[BlackTeam "ShSM Legacy Square Capital (Moscow)"]
[WhiteFideId "4138716"]
[BlackFideId "4129199"]
[EventDate "2019.05.01"]

1. e4 e5 2. Nf3 Nc6 3. Bb5 a6 4. Ba4 Nf6 5. O-O Nxe4 6. d4 b5 7. Bb3 d5 8. dxe5
Be6 9. Be3 Be7 10. c3 Qd7 11. Nbd2 Nxd2 12. Qxd2 Na5 13. Bg5 c5 14. Bxe7 Qxe7
15. Bc2 Nc4 16. Qc1 h6 17. b3 Nb6 18. a4 bxa4 19. bxa4 O-O 20. Re1 Rfd8 21. h3
Nc4 22. Bd3 Rab8 23. Rb1 Qd7 24. Rxb8 Rxb8 25. Bxc4 dxc4 26. Qa3 Qd5 27. Kh2 Bf5
28. Qc1 Rb1 29. Qe3 Rxe1 30. Qxe1 a5 31. Qe3 Bd7 32. Qc1 Bxa4 33. Qa3 Bd1 34.
Qxa5 Bxf3 35. gxf3 Qxe5+ 36. Kg2 Qg5+ 37. Kh2 Qf4+ 38. Kg2 Qg5+ 39. Kh2 Kh7 40.
Qc7 Qf5 41. Kg2 Qg5+ 42. Kh2 Qf6 43. Qxc5 Qxf3 44. Qxc4 Qxf2+ 45. Kh1 Qf3+ 46.
Kh2 Qf2+ 47. Kh1 Qf3+ 48. Kh2 f5 49. Qe6 Qf2+ 50. Kh1 Qf3+ 51. Kh2 Qf4+ 52. Kg2
h5 53. Qe2 Kh6 54. c4 h4 55. Qd3 Qe5 56. Qd2+ g5 57. Qd3 Kg6 58. Qf1 Qe4+ 59.
Kh2 Qe3 60. Kg2 Kf6 61. Qa1+ Qe5 62. Qa6+ Qe6 63. Qa1+ Qe5 64. Qa6+ Qe6 65. Qa1+
Kg6 66. Qf1 Qe4+ 67. Kh2 Qc2+ 68. Kg1 Qc3 69. Kg2 Kf6 70. Kh1 Qd4 71. Kh2 Ke6
72. Qg2 Qf4+ 73. Kh1 Qe4 0-1

[Event "TCh-RUS Premier 2019"]
[Site "Sochi RUS"]
[Date "2019.05.09"]
[Round "8.5"]
[Board "6"]
[White "Toropov, Pavel"]
[Black "Nozdrachev, Leonid"]
[Result "0-1"]
[WhiteTitle "FM"]
[BlackTitle "IM"]
[WhiteElo "2327"]
[BlackElo "2367"]
[WhiteTeam "Ladia (Republic of Tatarstan)"]
[BlackTeam "Moskovskaya oblast"]
[WhiteFideId "24129178"]
[BlackFideId "24113433"]
[EventDate "2019.05.01"]

1. e4 e5 2. Nf3 Nc6 3. d4 exd4 4. Nxd4 Nf6 5. Nc3 Bb4 6. Nxc6 bxc6 7. Bd3 d5 8.
exd5 O-O 9. O-O cxd5 10. Bg5 c6 11. Qf3 Rb8 12. h3 Be6 13. Ne2 h6 14. Bf4 Bd6
15. b3 c5 16. Rad1 Rb6 17. c4 Re8 18. Nc3 Bxf4 19. Qxf4 d4 20. Na4 Rc6 21. Rfe1
Qc7 22. Qf3 Bd7 23. Bf5 Rxe1+ 24. Rxe1 Be8 25. Qe2 g6 26. Bg4 h5 27. Bf3 Re6 28.
Qd2 Rxe1+ 29. Qxe1 Bxa4 30. bxa4 Qd6 31. Qd2 Kg7 32. Qb2 d3 33. Bd5 Qb6 34. Qxb6
axb6 35. Bf3 Ne8 36. Be4 d2 37. Bc2 Kf6 38. f4 Nd6 39. Kf2 Nxc4 40. Ke2 Ke6 41.
Be4 h4 42. Bf3 Kf5 43. Kd1 Kxf4 44. Be2 Ne3+ 45. Kxd2 Nxg2 46. Kd3 Ne3 0-1

[Event "TCh-RUS Premier 2019"]
[Site "Sochi RUS"]
[Date "2019.05.10"]
[Round "9.1"]
[Board "4"]
[White "Timerkhanov, Alexander"]
[Black "Faizrakhmanov, Ramil"]
[Result "1/2-1/2"]
[WhiteTitle "FM"]
[BlackTitle "IM"]
[WhiteElo "2366"]
[BlackElo "2438"]
[WhiteTeam "SShOR (St. Petersburg)"]
[BlackTeam "Ladia (Republic of Tatarstan)"]
[WhiteFideId "24177938"]
[BlackFideId "24103209"]
[EventDate "2019.05.01"]

1. d4 Nf6 2. Bg5 d5 3. Nd2 c6 4. e3 Bg4 5. Ngf3 Nbd7 6. Be2 e6 7. O-O Be7 8. h3
Bh5 9. c4 O-O 10. Re1 c5 11. Rc1 Rc8 12. a3 h6 13. Bh4 dxc4 14. Nxc4 Ne4 15.
Bxe7 Qxe7 16. Nfd2 Bxe2 17. Rxe2 Nef6 18. Nf3 Rfd8 19. Rec2 cxd4 20. Nxd4 Rc5
21. b4 Rd5 22. Qe2 Nf8 23. Na5 R8d7 24. Rc8 e5 25. Nf5 Qe6 26. e4 Rd2 27. Qc4 h5
28. Qc5 Nh7 29. Nc4 Rd1+ 30. Rxd1 Rxd1+ 31. Kh2 g6 32. Ne7+ Kg7 33. Re8 Qf6 34.
Qxe5 b5 35. Nd5 Rxd5 36. exd5 bxc4 37. d6 Nd7 38. Qxf6+ Kxf6 39. Rc8 Ke6 40.
Rxc4 Kxd6 41. Rc8 Nb6 42. Rc5 Nf8 43. Ra5 Nc8 44. h4 Ne6 45. f3 Nd4 46. Kh3 Nc6
47. Rc5 Nb6 48. g4 Nd5 49. Rb5 f5 50. gxf5 Nd4 51. Rb7 Nxf5 52. Rxa7 Nf4+ 53.
Kh2 Nxh4 54. Kg3 g5 55. Rf7 Ne2+ 56. Kf2 Nd4 57. a4 Nhxf3 1/2-1/2

[Event "TCh-RUS Premier 2019"]
[Site "Sochi RUS"]
[Date "2019.05.10"]
[Round "9.1"]
[Board "6"]
[White "Golikov, Daniil"]
[Black "Toropov, Pavel"]
[Result "0-1"]
[WhiteTitle "FM"]
[BlackTitle "FM"]
[WhiteElo "2271"]
[BlackElo "2327"]
[WhiteTeam "SShOR (St. Petersburg)"]
[BlackTeam "Ladia (Republic of Tatarstan)"]
[WhiteFideId "24170623"]
[BlackFideId "24129178"]
[EventDate "2019.05.01"]

1. c4 c6 2. Nf3 d5 3. e3 Nf6 4. d4 Bf5 5. Nc3 e6 6. Nh4 Be4 7. f3 Bg6 8. Qb3 Qc7
9. Bd2 Nbd7 10. Nxg6 hxg6 11. O-O-O dxc4 12. Bxc4 b5 13. Bd3 a6 14. Ne4 c5 15.
dxc5 Nxe4 16. Bxe4 Nxc5 17. Qc2 Rc8 18. Kb1 Nxe4 19. Qxe4 Qc6 20. Qd3 Rd8 21.
Qe2 Rh5 22. Rc1 Rc5 23. Rxc5 Bxc5 24. Rc1 Qb6 25. e4 Qd6 26. Bg5 f6 27. e5 Qd5
28. Qc2 fxg5 29. Qxc5 Qd3+ 30. Ka1 Kf7 31. Qa7+ Rd7 32. Qxa6 Qc2 0-1

[Event "TCh-RUS Premier 2019"]
[Site "Sochi RUS"]
[Date "2019.05.10"]
[Round "9.3"]
[Board "1"]
[White "Sjugirov, Sanan"]
[Black "Inarkiev, Ernesto"]
[Result "1/2-1/2"]
[WhiteTitle "GM"]
[BlackTitle "GM"]
[WhiteElo "2661"]
[BlackElo "2691"]
[WhiteTeam "Strazhi pravoporyadka (St. Petersburg)"]
[BlackTeam "ShSM Legacy Square Capital (Moscow)"]
[WhiteFideId "4189302"]
[BlackFideId "4162722"]
[EventDate "2019.05.01"]

1. d4 d5 2. c4 dxc4 3. e4 e5 4. Nf3 exd4 5. Bxc4 Bb4+ 6. Nbd2 Nc6 7. O-O Nf6 8.
e5 Nd5 9. Nb3 Nb6 10. Bb5 Bd7 11. Bg5 Be7 12. Bxe7 Qxe7 13. Re1 O-O-O 14. Rc1 d3
15. a3 Kb8 16. Nc5 Nd4 17. Nxd7+ Rxd7 18. Qxd3 Nxb5 19. Qxb5 Rhd8 20. Qe2 g5 21.
h3 Nd5 22. g3 h6 23. Qe4 Qe6 24. Qg4 Ne7 25. Qxe6 fxe6 26. Re4 Rd3 27. Kg2 Nf5
28. h4 Rf8 29. hxg5 Nxg3 30. Re3 Nh5 31. Rxd3 Nf4+ 32. Kg3 Nxd3 33. Rc3 Nxb2 34.
gxh6 Rh8 35. Rc2 Nd3 36. Rd2 Nc5 37. Ng5 c6 38. Rc2 Nd7 39. h7 Nf8 40. f4 Kc7
41. Rh2 b5 42. Kf3 a5 43. Ke4 c5 44. Rh6 b4 45. Kd3 bxa3 46. Kc3 Kc6 47. f5 Kd5
48. fxe6 Nxh7 49. Nxh7 Rb8 50. e7 a2 51. Rh1 Kxe5 52. Ra1 Kd6 53. Rxa2 Kxe7 54.
Rxa5 Kd6 55. Nf6 Rh8 56. Ra6+ Ke5 57. Nd7+ Kd5 58. Nb6+ Kc6 59. Nc4+ Kd5 60.
Rd6+ Ke4 61. Nb6 Rh1 62. Kc4 Rc1+ 63. Kb5 Ke5 64. Rd8 Ke4 65. Nc4 Rh1 66. Nd6+
Kd5 67. Nb7+ Ke5 68. Nxc5 Rh2 69. Rd1 Rg2 70. Nd3+ Ke4 71. Nb4 Rg8 72. Kc5 Rc8+
73. Nc6 Rc7 74. Re1+ Kd3 75. Re8 Kd2 76. Kd5 Kd3 77. Ne5+ Kc3 78. Rh8 Rg7 79.
Rh3+ Kc2 80. Kd4 Rg8 81. Rc3+ Kd2 82. Nc4+ Ke2 83. Rc2+ Kf3 84. Ne5+ Kf4 85.
Rf2+ Kg3 86. Rf7 Ra8 87. Rf3+ Kg2 88. Rc3 Kf2 89. Ke4 Ra4+ 90. Nc4 Ra8 91. Nd6
Ra4+ 92. Ke5 Ke2 93. Rh3 Ra8 94. Rb3 Ra5+ 95. Kf4 Ra8 96. Re3+ Kd2 97. Ne4+ Kc2
98. Rc3+ Kb2 99. Rc7 Rh8 100. Ke3 Rh3+ 101. Kd4 Rh4 102. Rg7 Kc2 103. Rg3 Kb2
104. Re3 Kc2 105. Kc4 Kb2 106. Re2+ Ka3 107. Re1 Kb2 108. Re3 Kc2 109. Re2+ Kd1
110. Ra2 Ke1 111. Kd4 Rh8 112. Nc5 Rh4+ 113. Kc3 Kf1 114. Nd3 Re4 115. Rb2 Kg1
116. Nf2 Ra4 117. Kd3 1/2-1/2

[Event "TCh-RUS Premier 2019"]
[Site "Sochi RUS"]
[Date "2019.05.10"]
[Round "9.3"]
[Board "3"]
[White "Rakhmanov, Aleksandr"]
[Black "Kobalia, Mikhail"]
[Result "1/2-1/2"]
[WhiteTitle "GM"]
[BlackTitle "GM"]
[WhiteElo "2629"]
[BlackElo "2610"]
[WhiteTeam "Strazhi pravoporyadka (St. Petersburg)"]
[BlackTeam "ShSM Legacy Square Capital (Moscow)"]
[WhiteFideId "4173708"]
[BlackFideId "4119150"]
[EventDate "2019.05.01"]

1. Nf3 d5 2. g3 Nf6 3. Bg2 c6 4. O-O Bg4 5. d4 e6 6. Nbd2 Be7 7. Re1 O-O 8. e4
a5 9. a4 Na6 10. h3 Bh5 11. c3 Nc7 12. e5 Nd7 13. Nb3 b5 14. Be3 Nb6 15. axb5 a4
16. Nc5 cxb5 17. g4 Bg6 18. Nd2 Qc8 19. f4 Na6 20. Nxa6 Rxa6 21. Bf1 Qc6 22. Qf3
f5 23. exf6 Bxf6 24. Nb3 Nd7 25. Nd2 Nb6 26. Nb3 Nd7 27. Nd2 1/2-1/2